ბათუმის შოთა რუსთაველის სახელმწიფო უნივერსიტეტის ბიბლიოთეკა

პედაგოგიკის საკითხები:მასწავლებლის პროფ.განვითარება. (ბიბ.ჩანაწერი № 43984)

000 -LEADER
fixed length control field 01185nam a2200265Ia 4500
001 - CONTROL NUMBER
control field 10734
003 - CONTROL NUMBER IDENTIFIER
control field GE_BSU
008 - FIXED-LENGTH DATA ELEMENTS--GENERAL INFORMATION
fixed length control field 181216s||||||||xx |||||||||||||| ||und||
020 ## - INTERNATIONAL STANDARD BOOK NUMBER
International Standard Book Number 9789941933226
040 ## - CATALOGING SOURCE
Transcribing agency GE_BSU
080 ## - UNIVERSAL DECIMAL CLASSIFICATION NUMBER
Universal Decimal Classification number 37.01(075.8)
245 ## - TITLE STATEMENT
Title პედაგოგიკის საკითხები:მასწავლებლის პროფ.განვითარება.
245 ## - TITLE STATEMENT
Remainder of title სახელმძღვანელო.
245 ## - TITLE STATEMENT
Statement of responsibility, etc. შემდგ.მანანა ბოჭორიშვილი
260 ## - PUBLICATION, DISTRIBUTION, ETC.
Place of publication, distribution, etc. თბილისი
260 ## - PUBLICATION, DISTRIBUTION, ETC.
Name of publisher, distributor, etc. უსტარი.
260 ## - PUBLICATION, DISTRIBUTION, ETC.
Date of publication, distribution, etc. 2013.
300 ## - PHYSICAL DESCRIPTION
Extent 155გვ;24სმ.
300 ## - PHYSICAL DESCRIPTION
Accompanying material ცხრ;ფოტ;ტერმინთა განმარტება:გვ.151–154.ბიბლიოგრ.გვ:155.
520 ## - SUMMARY, ETC.
Summary, etc. შემოსულია ტემპუსის პროექტით.
653 ## - INDEX TERM--UNCONTROLLED
Uncontrolled term პედაგოგიკის საკითხები:მასწავლებლის პროფ.განვითარება.
653 ## - INDEX TERM--UNCONTROLLED
Uncontrolled term ტემპუსის პროექტით
942 ## - ADDED ENTRY ELEMENTS (KOHA)
Koha item type წიგნი
ეგზემპლარები
Withdrawn status Lost status Damaged status Not for loan Date acquired Barcode Date last seen Price effective from Koha item type
        2018-12-17 35136 2018-12-17 2018-12-17 წიგნი
        2018-12-17 35137 2018-12-17 2018-12-17 წიგნი